Heated Rivalry Trivia - Statistics

General Stats
  • This quiz has been taken 5,146 times
  • The average score is 20 of 24
Answer Stats
Hint Answer % Correct
Shane's last name Hollander
99%
Ilya's last name Rozanov
94%
Shane's name in Ilya's contacts Jane
93%
Ilya's name in Shane's contacts Lily
93%
Actor who plays Ilya Connor Storrie
90%
Actor who plays Shane Hudson Williams
90%
Scott's love interest Kip
89%
Actress whom Shane dates Rose Landry
89%
Ilya's best girl friend Svetlana
89%
What he puts as an extra in Scott's blueberry smoothie Banana
88%
Scott's last name Hunter
87%
Disease Ilya's father has Dementia
86%
Where Ilya is going in the last episode Shane's Cottage
85%
Shane's team Montreal Metros
84%
Ilya's team Boston Raiders
83%
Shane's favourite sweet beverage Ginger ale
83%
Bird whose call scares Ilya Loon
83%
Shane's hometown Ottawa
83%
Ilya's brother Alexei
79%
Shane's best friend in his team Hayden
78%
Author of that series Rachel Reid
72%
Book series which the TV showis based on Game Changers
70%
Scott's team New York Admirals
66%
Russian city where theWinter Olympics took place Sochi
66%
No matching quizzes found
Score Distribution
Percent of People with Each Score
Percentile by Number Answered
Your Score History
You have not taken this quiz